| 000 | 00791nam a22002057a 4500 | ||
|---|---|---|---|
| 005 | 20180310150555.0 | ||
| 010 | _aB-667710 | ||
| 020 |
_c300.00 _a9788170006923 |
||
| 035 | _aB-667710 | ||
| 037 |
_bKKP _adpl |
||
| 082 | _a020 | ||
| 100 | _aLal.C | ||
| 245 |
_aLibrary and information scienceUGC (NET) examination guide paper-III: _cby C.Lal and K.Kumar _bin accordance with the new pattern / |
||
| 260 |
_aNew Delhi _bEss Ess Publications _c2014 |
||
| 270 |
_a4831/24, Ansari Road, Daryaganj, _bNew Delhi _e110002 |
||
| 300 |
_axiii, 178p. _c22cm(pbk) |
||
| 700 | _aK.Kumar | ||
| 942 |
_2ddc _cEN _mLAL _h020 |
||
| 999 |
_c150328 _d150328 |
||